000 00390nam a2200145Ia 4500
008 100204s9999 xx 000 0 und d
082 _b26251
100 _aओक जनार्दन
245 _aअयार
260 _b"पायल पब्लिकेशन , पुणे"
_c2004
300 _a176
630 _aअयार
730 _aअयार
942 _cBOOK
999 _c471431
_d471428